Countries overpassed Japan by population - Statistics

General Stats
  • This quiz has been taken 28 times
  • The average score is 6 of 7
Answer Stats
Year passed Country's population Japanese population Country % Correct
2002 127.8 mil 127.2 mil Nigeria
100%
1979 118 mil 116.3 mil Brazil
95%
1965 100 mil 98.9 mil Indonesia
91%
2020 125.6 mil 125.5 mil Mexico
91%
2000 128 mil 126.7 mil Bangladesh
86%
2023 124.9 mil 123.6 mil Ethiopia
86%
1994 127.4 mil 124.9 mil Pakistan
86%
No matching quizzes found
Score Distribution
Percent of People with Each Score
Percentile by Number Answered
Your Score History
You have not taken this quiz